[Event "Liptovsky Jan op"]
[Site "Liptovsky Jan"]
[Date "2022.06.24"]
[Round "3.5"]
[White "Holly, Andrej"]
[Black "Spik, Peter"]
[Result "1-0"]
[WhiteElo "2221"]
[BlackElo "1957"]
[PlyCount "87"]
[EventDate "2022.06.23"]
[EventType "swiss"]
[EventRounds "7"]
[EventCountry "SVK"]
[SourceTitle "CBM 209 Extra"]
[Source "ChessBase"]
[SourceDate "2022.09.30"]
[SourceVersion "1"]
[SourceVersionDate "2022.09.30"]
[SourceQuality "1"]

1. e4 e6 2. d4 c5 3. d5 d6 4. Nc3 Nf6 5. Bb5+ Bd7 6. Bc4 Be7 7. Nf3 0-0 8. 0-0 exd5 9. Nxd5 Bg4 10. Bf4 Nxd5 11. Bxd5 Nc6 12. c3 Rb8 13. Qd3 Kh8 14. Nd2 Ne5 15. Bxe5 dxe5 16. Qg3 Be6 17. Qxe5 Bd6 18. Qh5 g6 19. Qf3 Qg5 20. Qd3 Rbd8 21. Nc4 Bf4 22. Rad1 b5 23. Na5 c4 24. Qd4+ Be5 25. Qe3 Bf4 26. Qd4+ Kg8 27. Nc6 Bh3 28. g3 Rd7 29. Rfe1 Be6 30. h4 Qh5 31. gxf4 Qg4+ 32. Kf1 Qh3+ 33. Ke2 Bg4+ 34. Kd2 Bxd1 35. Rxd1 Qxh4 36. e5 Rc8 37. e6 Rxd5 38. Qxd5 Qxf2+ 39. Kc1 Qxf4+ 40. Kb1 Re8 41. e7 Kg7 42. Qd4+ Qxd4 43. cxd4 f6 44. d5 1-0

[Event "SVK-chT1E 2122"]
[Site "Slovakia"]
[Date "2022.05.14"]
[Round "10.7"]
[White "Panko, Eduard"]
[Black "Holly, Andrej"]
[Result "0-1"]
[WhiteElo "1908"]
[BlackElo "2199"]
[PlyCount "74"]
[EventDate "2022.01.29"]
[EventType "team-tourn"]
[EventRounds "11"]
[EventCountry "SVK"]
[SourceTitle "EXT 2023"]
[Source "ChessBase"]
[SourceDate "2022.10.05"]
[SourceVersion "1"]
[SourceVersionDate "2022.10.05"]
[SourceQuality "1"]
[WhiteTeam "Bardejov"]
[BlackTeam "Liptov Chess School II"]
[WhiteTeamCountry "SVK"]
[BlackTeamCountry "SVK"]

1. e4 c6 2. Bc4 d5 3. Bb3 dxe4 4. Qh5 g6 5. Qh4 Bf5 6. g4 Bc8 7. Nc3 Qd4 8. g5 Bg7 9. Qxe4 Qxe4+ 10. Nxe4 Bf5 11. Ng3 e6 12. Nxf5 gxf5 13. f4 Nd7 14. Nf3 Ne7 15. d4 0-0-0 16. Bd2 c5 17. Ne5 Bxe5 18. dxe5 Nb6 19. c3 Rd3 20. h4 Rhd8 21. Rd1 Rg3 22. Rh2 Nbd5 23. Kf2 Rg4 24. Be3 Nxe3 25. Rxd8+ Kxd8 26. Kxe3 Ng6 27. Rf2 Rxh4 28. Ba4 Nxe5 29. Rd2+ Ke7 30. Bb5 Rh3+ 31. Ke2 Rh2+ 32. Kd1 Rxd2+ 33. Kxd2 Ng4 34. b4 cxb4 35. cxb4 f6 36. gxf6+ Nxf6 37. Be2 Nd5 0-1